000 00612cam a2200217 4500500
005 20260329002107.0
041 _afre
042 _adc
100 1 0 _aDuru, Martin
_eauthor
245 0 0 _aLa culture du spectacle
260 _c2010.
500 _a19
690 _aCapitalisme
690 _aCulture
690 _aJean Baudrillard
690 _aModernité
690 _aSimulacre
690 _aSpectacle
786 0 _nPhilosophie magazine | 42 | 9 | 2010-09-01 | p. 31-31 | 1951-1787
856 4 1 _uhttps://shs.cairn.info/magazine-philosophie-magazine-2010-9-page-31?lang=fr&redirect-ssocas=7080
999 _c1811642
_d1811642